Statistics for Billy Bob Thornton Filmography

Click here to take the quiz!

General Stats

  • This quiz has been taken 75 times
    (20 since last reset)
  • The average score is 17 of 106

Answer Stats

TypeYearName% Correct
Film2003Bad Santa
81%
Film1996Sling Blade
75%
Film1998Armageddon
63%
Film2016Bad Santa 2
63%
TV Show2014, 2017Fargo
56%
Film2001Monster's Ball
56%
Film2005Bad News Bears
50%
Film2003Love Actually
44%
Film2007Mr. Woodcock
44%
Film2001Bandits
38%
Film2010Faster
38%
Web Series2016-2021Goliath
38%
Film1997U Turn
38%
Film1998A Simple Plan
31%
Film2008Eagle Eye
31%
Film2004Friday Night Lights
31%
Film1992One False Move
31%
Film1999Pushing Tin
31%
Film2011Puss in Boots
31%
Film2001The Man Who Wasn't There
31%
Film1993Tombstone
31%
Film2000All the Pretty Horses
25%
TV Show1990, 1991Evening Shade
25%
TV Show1992-1995Hearts Afire
25%
Film2003Intolerable Cruelty
25%
Film2018London Fields
25%
Film2004The Alamo
25%
Web Series20211883
19%
Film1998Primary Colors
19%
Film1997Princess Mononoke
19%
Film2006School for Scoundrels
19%
Film2022The Gray Man
19%
Film1993Blood In Blood Out
13%
TV Show2000, 2005CatDog
13%
Film2014Cut Bank
13%
Film1995Dead Man
13%
Film1993Indecent Proposal
13%
TV Show1998King of the Hill
13%
TV Show1987Matlock
13%
Film2015Our Brand Is Crisis
13%
Film2007The Astronaut Farmer
13%
Film2002The Badge
13%
Film2012The Baytown Outlaws
13%
TV Show2014The Big Bang Theory
13%
Film2024The Electric State
13%
Film2008The Informers
13%
Film2014The Judge
13%
Film1996A Family Thing
6%
Film1997A Gun, a Car, a Blonde
6%
TV Show2016American Dad!
6%
Film2018A Million Little Pieces
6%
Film1998An Alan Smithee Film: Burn Hollywood Burn
6%
Theater1987Beethoven's Symphonies
6%
Film2001Camouflage
6%
TV Film2001CatDog: The Great Parent Mystery
6%
Film1989Chopper Chicks in Zombietown
6%
Film2004Chrystal
6%
TV Film1988Circus
6%
Film2001Daddy and Them
6%
Video Game2009Deadly Creatures
6%
Film2023Devil's Peak
6%
Documentary2002Dirty Life and Times with Billy Bob Thornton, Dwight Yoakam and Warren Zevon
6%
TV Film1996Don't Look Back
6%
TV Show1997Ellen
6%
Film2015Entourage
6%
Film1994Floundering
6%
Film1991For the Boys
6%
Film1993Ghost Brigade
6%
Film1989Going Overboard
6%
Web Series2022Harley Quinn
6%
Film2021Hollywood.Con
6%
Film1998Homegrown
6%
Film1986Hunter's Blood
6%
Film2015Into the Grizzly Maze
6%
Documentary2016IRON WILL: Veterans Battle with PTSD
6%
Film2012Jayne Mansfield's Car
6%
TV Show1992Knots Landing
6%
Web SeriesTBALand Man
6%
Film2003Levity
6%
Podcast2020Make It Up as We Go
6%
Documentary2009My Run
6%
Short Documentary2011Nashville Rises
6%
Documentary2006NFL: Favre 4 Ever
6%
Film1994On Deadly Ground
6%
TV Film1995Out There
6%
Film2013Parkland
6%
TV Show2014Robot Chicken
6%
TV Documentary2000Sam Phillips: The Man Who Invented Rock'n'Roll
6%
Short Film1994Some Folks Call It a Sling Blade
6%
Film2001South of Heaven, West of Hell
6%
Film1988South of Reno
6%
Film1997The Apostle
6%
Film1991The Dark Backward
6%
Film2000The Gift
6%
Film2005The Ice Harvest
6%
Documentary2011The King of Luck
6%
Film2000The Last Real Cowboys
6%
TV Show1990The Outsiders
6%
Film2009The Smell of Success
6%
Film1995The Stars Fell on Henrietta
6%
Film1996The Winner
6%
Film2015Trailer Park Boys: Drunk, High, and Unemployed: Live in Austin
6%
Film1993Trouble Bound
6%
Film2002Walking Up in Reno
6%
Film2016Whisky Tango Foxtrot
6%
Short Film1991Widespread Panic: Live from the Georgia Theatre
6%

Score Distribution

Percentile by Number Answered

Percent of People with Each Score

Your Score History

You have not taken this quiz since the last reset